000
00220 a2200097 4500
001
45500
100
_a
Graver B
245
_a
Advanced English practice
260
_a
London
_b
Oxford university
_c
090
_c
28660
_d
28660
942
_a
NUST-CAE
_c
M
_c
20736
999
_c
280573
_d
280573